Ante la posteridad; ... julio a. roca : primera parte /
Guardado en:
| Autor Principal: | |
|---|---|
| Formato: | Libro |
| Publicado: |
Buenos Aires :
Com. nac. monumento al ten. gral Don Julio A. Roca,
1938
|
| Materias: | |
| Etiquetas: |
Agregar Etiqueta
Sin Etiquetas, Sea el primero en etiquetar este registro!
|
| LEADER | 00533nam a22001695a 4500 | ||
|---|---|---|---|
| 001 | CEM.cems006605 | ||
| 005 | 20060214000000.0 | ||
| 008 | 130507s1938##################000#0#####d | ||
| 003 | CEMS | ||
| 082 | 0 | 4 | |a 923 |
| 100 | 1 | |a Velez, Francisco M. | |
| 245 | 1 | 0 | |a Ante la posteridad; ... julio a. roca : |b primera parte / |
| 260 | |a Buenos Aires : |b Com. nac. monumento al ten. gral Don Julio A. Roca, |c 1938 | ||
| 300 | |a 258 | ||
| 653 | |a Biografias | ||
| 653 | |a Roca julio a.-biograf. | ||
| 859 | |a CEMS |b BIB. CEMS - 11 de abril |h 923 |i R58v/I |p 10598.81 |t Ej.1 | ||
